MARC details
| 000 -LEADER |
| fixed length control field |
01600cam a2200373 a 4500 |
| 001 - CONTROL NUMBER |
| control field |
17331795 |
| 003 - CONTROL NUMBER IDENTIFIER |
| control field |
BDDh-ASL |
| 005 - DATE AND TIME OF LATEST TRANSACTION |
| control field |
20231015030030.0 |
| 008 - FIXED-LENGTH DATA ELEMENTS--GENERAL INFORMATION |
| fixed length control field |
120605s1958 ii ab b 001 0 eng |
| 010 ## - LIBRARY OF CONGRESS CONTROL NUMBER |
| LC control number |
2012335375 |
| 020 ## - INTERNATIONAL STANDARD BOOK NUMBER |
| International Standard Book Number |
9780198069713 (set) |
| 020 ## - INTERNATIONAL STANDARD BOOK NUMBER |
| International Standard Book Number |
0198069715 (set) |
| 025 ## - OVERSEAS ACQUISITION NUMBER |
| Overseas acquisition number |
I-E-2012-335375; 61-31 |
| 037 ## - SOURCE OF ACQUISITION |
| Source of stock number/acquisition |
Library of Congress -- New Delhi Overseas Office |
| 040 ## - CATALOGING SOURCE |
| Original cataloging agency |
DLC |
| Transcribing agency |
DLC |
| Modifying agency |
DLC |
| -- |
BDDh-ASL |
| 042 ## - AUTHENTICATION CODE |
| Authentication code |
lcode |
| -- |
pcc |
| 043 ## - GEOGRAPHIC AREA CODE |
| Geographic area code |
a-ii--- |
| 050 00 - LIBRARY OF CONGRESS CALL NUMBER |
| Classification number |
DS485.U64 |
| Item number |
F72 2011 |
| 082 ## - DEWEY DECIMAL CLASSIFICATION NUMBER |
| Classification number |
954.25 |
| Item number |
FRE |
| 245 00 - TITLE STATEMENT |
| Title |
Freedom struggle in Uttar Pradesh, Volume -2: |
| Remainder of title |
1857-59: Awadh / |
| Statement of responsibility, etc. |
edited by S.A.A. Rizvi and M.L. Bhargava. |
| 260 ## - PUBLICATION, DISTRIBUTION, ETC. |
| Place of publication, distribution, etc. |
New Delhi : |
| -- |
Uttar Pradesh: |
| Name of publisher, distributor, etc. |
Oxford University Press in arrangement with Indian Council of Historical Research, |
| -- |
Publication Bureau, Information Department, Uttar Pradesh, |
| Date of publication, distribution, etc. |
2011. |
| -- |
1958. |
| 300 ## - PHYSICAL DESCRIPTION |
| Extent |
v-2, 736 p. : |
| Other physical details |
ill., maps (folded) ; |
| Dimensions |
24 cm. |
| 500 ## - GENERAL NOTE |
| General note |
"First published 1957 by Publications Bureau, Information Department, Uttar Pradesh"--T.p. verso. |
| 504 ## - BIBLIOGRAPHY, ETC. NOTE |
| Bibliography, etc. note |
Includes bibliographical references (v. 2, p. 83-664) and indexes. |
| 651 #0 - SUBJECT ADDED ENTRY--GEOGRAPHIC NAME |
| Geographic name |
Uttar Pradesh (India) |
| General subdivision |
History |
| Chronological subdivision |
19th century. |
| 651 #0 - SUBJECT ADDED ENTRY--GEOGRAPHIC NAME |
| Geographic name |
India |
| General subdivision |
History |
| Chronological subdivision |
Sepoy Rebellion, 1857-1858. |
| 651 #0 - SUBJECT ADDED ENTRY--GEOGRAPHIC NAME |
| Geographic name |
Uttar Pradesh (India) |
| General subdivision |
History |
| -- |
Autonomy and independence movements. |
| 700 1# - ADDED ENTRY--PERSONAL NAME |
| Personal name |
Rizvi, Saiyid Athar Abbas, |
| Dates associated with a name |
1921- |
| 700 1# - ADDED ENTRY--PERSONAL NAME |
| Personal name |
Bhargava, Moti Lal. |
| 710 2# - ADDED ENTRY--CORPORATE NAME |
| Corporate name or jurisdiction name as entry element |
Indian Council of Historical Research. |
| 906 ## - LOCAL DATA ELEMENT F, LDF (RLIN) |
| a |
7 |
| b |
cbc |
| c |
origode |
| d |
3 |
| e |
ncip |
| f |
20 |
| g |
y-gencatlg |
| 942 ## - ADDED ENTRY ELEMENTS (KOHA) |
| Source of classification or shelving scheme |
Dewey Decimal Classification |
| Koha item type |
Books |